The underwater city : (Record no. 8197)
[ view plain ]
| 000 -LEADER | |
|---|---|
| fixed length control field | 01104nam a22002297a 4500 |
| 001 - CONTROL NUMBER | |
| control field | 8197 |
| 003 - CONTROL NUMBER IDENTIFIER | |
| control field | FISKH |
| 005 - DATE AND TIME OF LATEST TRANSACTION | |
| control field | 20250902083946.0 |
| 008 - FIXED-LENGTH DATA ELEMENTS--GENERAL INFORMATION | |
| fixed length control field | 250902b cb ||||| |||| 00| 0 eng d |
| 020 ## - INTERNATIONAL STANDARD BOOK NUMBER | |
| International Standard Book Number | 9781597071567 |
| 040 ## - CATALOGING SOURCE | |
| Original cataloging agency | FISKH |
| Language of cataloging | eng |
| Transcribing agency | FISKH |
| Modifying agency | FISKH |
| 082 ## - DEWEY DECIMAL CLASSIFICATION NUMBER | |
| Classification number | 741.5 |
| 100 ## - MAIN ENTRY--PERSONAL NAME | |
| Personal name | Farshtey, Greg |
| 245 ## - TITLE STATEMENT | |
| Title | The underwater city : |
| Remainder of title | Bionicle, Volume 6 / |
| Statement of responsibility, etc. | Writter: Greg Farshtey ; Artist : Stuart Sayger, Christian Zanier |
| 260 ## - PUBLICATION, DISTRIBUTION, ETC. | |
| Place of publication, distribution, etc. | New York : |
| Name of publisher, distributor, etc. | Papercutz, |
| Date of publication, distribution, etc. | 2009. |
| 300 ## - PHYSICAL DESCRIPTION | |
| Extent | 92 pages : |
| Other physical details | color illustrations ; |
| Dimensions | 20 cm |
| 520 ## - SUMMARY, ETC. | |
| Summary, etc. | After its discovery by an inventor named Defilak, the Mask of Light begins to reveal a deadly secret that becomes apparent to those who witness its effects on the user. For while its power gives the wearer great strength that could be used for good, the Mask of Light or "Ignika" as it comes to be called, brings paranoia, jealousy, and madness to anyone who wears it. The struggle for the Mask of Light continues. |
| 700 ## - ADDED ENTRY--PERSONAL NAME | |
| Personal name | Sayger, Stuart |
| Relator term | illustrator |
| 700 ## - ADDED ENTRY--PERSONAL NAME | |
| Personal name | Zanier, Christian |
| Relator term | illustrator |
| 942 ## - ADDED ENTRY ELEMENTS (KOHA) | |
| Source of classification or shelving scheme | Dewey Decimal Classification |
| Koha item type | Books |
| Suppress in OPAC | No |
| Withdrawn status | Lost status | Source of classification or shelving scheme | Damaged status | Not for loan | Collection | Home library | Current library | Shelving location | Date acquired | Total Checkouts | Full call number | Barcode | Date last seen | Copy number | Price effective from | Koha item type |
|---|---|---|---|---|---|---|---|---|---|---|---|---|---|---|---|---|
| Dewey Decimal Classification | Fiction | Footprints International School Library Network Toul Kork Campus | Footprints International School Library Network Toul Kork Campus | A TK Campus, Comic Books (All Reading Levels), B401 Bookcase 1/2, Shelf 3 | 09/02/2025 | FAR 741.5 PZ7 | FISTK01009 | 09/02/2025 | 1 | 09/02/2025 | Books |
